000 00961nam a2200241 a 4500
001 74178
003 BD-RjUL
005 20211209082516.0
008 180314s2013 bg ||||| e||| 00| 0 ben d
020 _a9789849014041
035 _a(BD-RjUL)74396
040 _aBD-RjUL
_bben
_cBD-RjUL
_dBD-RjUL
041 _aben
_aeng
082 _223
_a302.2303
_bAHE 2013
100 1 _aআহমেদ, মুসতাক
_9220592
245 1 _aমিডিয়াকোষ
_b= Encyclopedia of Media /
_cমসতাক আহমেদ; আমিনুল ইসলাম
260 _aঢাকা :
_bএ এইচ ডেভেলপমেন্ট পাবলিশিং হাউজ,
_c২০১৩
300 _a[৩২] ২৭২ পৃ. ;
_c২২ সেমি.
650 _aগণমাধ্যম
_vবিশ্বকোষ
_9220593
650 _aMass media
_vEncyclopedias.
_9220594
700 1 _aইসলাম, আমিনুল
_9220595
942 _2ddc
_cBK
999 _c74178
_d74178